cities by letter - R - Statistics

General Stats
  • This quiz has been taken 30 times
  • The average score is 17 of 30
Answer Stats
Hint Answer % Correct
Brazilian city of the carnival Rio de Janeiro
100%
Capital of Italy Rome
100%
Capital of Morocco Rabat
93%
Second biggest city in Nevada Reno
93%
Capital of Latvia Riga
93%
Capital of Saudi Arabia Riyadh
93%
Capital city of Virginia Richmond
89%
Capital of North Carolina Raleigh
86%
Biggest seaport in Europe Rotterdam
86%
Capital city of Dominica Roseau
79%
Second biggest urban area in the state of New York Rochester
71%
Biggest city of Santa Fe province in Argentina Rosario
71%
Greek island near Turkey Rhodes
64%
The river Don passes through this city Rostov
61%
de facto capital city of Palestine Ramallah
57%
Capital of Pernambuco state in Brazil Recife
57%
Second biggest city in South Dakota Rapid City
46%
Capital city of Bretagne Rennes
46%
Capital of Iceland Reykjavík
46%
Coastal city in Emilia Romagna (Italy) Rimini
46%
Capital city of Seine-Maritime Rouen
39%
Croatian city taken by D'Annunzio in 1919 Rijeka
36%
314 998 inhabitants city in California Riverside
32%
Santa Klaus' village Rovaniemi
29%
Capital city of Exarchate of Italy Ravenna
25%
Major city in Tamaulipas state Reynosa
21%
Major city west of Blue Ridge Mountains Roanoke
21%
Southernmost city in Veneto (Italy) Rovigo
18%
major city on Pothohar Plateau Rawalpindi
11%
Ancient city in Central Thailand Ratchaburi
7%
No matching quizzes found
Score Distribution
Percent of People with Each Score
Percentile by Number Answered
Your Score History
You have not taken this quiz